[Event "Kiel Cup U20"]
[Site "Kiel"]
[Date "2012.10.05"]
[Round "4"]
[White "Andressen, Kay"]
[Black "Rublack, Valentin"]
[Result "1-0"]
[WhiteElo "1433"]
[BlackElo "1719"]
[PlyCount "65"]
[EventDate "2012.10.??"]
[EventType "swiss"]
[EventRounds "7"]
[EventCountry "GER"]
[SourceTitle "EXT 2015"]
[Source "ChessBase"]
[SourceDate "2014.11.20"]
[SourceVersion "1"]
[SourceVersionDate "2014.11.20"]
[SourceQuality "1"]

1. e4 e5 2. Nf3 Nf6 3. Nc3 Nc6 4. Bb5 Bc5 5. d3 d6 6. Bg5 a6 7. Ba4 b5 8. Bb3 Be6 9. Qe2 h6 10. Bh4 0-0 11. Bd5 Qd7 12. Bxf6 gxf6 13. Nh4 b4 14. Bxc6 Qxc6 15. Nd5 Bxd5 16. exd5 Qd7 17. Qh5 f5 18. Nxf5 f6 19. Nxh6+ Kh8 20. h4 Qh7 21. Rh3 f5 22. Rg3 Rf6 23. Rg5 Rxh6 24. Qf3 Rxh4 25. Rxf5 Qg6 26. Rf8+ Rxf8 27. Qxf8+ Kh7 28. Qe7+ Kg8 29. Qxh4 Qxg2 30. Qg3+ Qxg3 31. fxg3 Be3 32. Ke2 Bg5 33. a3 1-0

[Event "Kiel Cup U20"]
[Site "Kiel"]
[Date "2012.10.04"]
[Round "2"]
[White "Moeller, Dustin"]
[Black "Andressen, Kay"]
[Result "1-0"]
[WhiteElo "1732"]
[BlackElo "1433"]
[PlyCount "61"]
[EventDate "2012.10.??"]
[EventType "swiss"]
[EventRounds "7"]
[EventCountry "GER"]
[SourceTitle "EXT 2015"]
[Source "ChessBase"]
[SourceDate "2014.11.20"]
[SourceVersion "1"]
[SourceVersionDate "2014.11.20"]
[SourceQuality "1"]

1. c4 e5 2. g3 f5 3. Bg2 Nf6 4. Nc3 d6 5. d3 c6 6. f4 Be6 7. Nf3 Nbd7 8. 0-0 g6 9. Ng5 Qe7 10. e4 Bg7 11. Nxe6 Qxe6 12. exf5 gxf5 13. fxe5 dxe5 14. Bh3 Ng4 15. Bxg4 fxg4 16. Ne4 h5 17. Ng5 Qg6 18. d4 0-0-0 19. Nf7 exd4 20. Nxd8 d3 21. Nxc6 bxc6 22. Be3 Ne5 23. Qa4 Nf3+ 24. Rxf3 gxf3 25. Qa6+ Kd8 26. Qxa7 Qf6 27. Re1 Kc8 28. Qa6+ Kd7 29. Qb7+ Kd6 30. c5+ Kd5 31. Qb3+ 1-0

[Event "GER-chT U14"]
[Site "Lingen"]
[Date "2011.12.29"]
[Round "6.3"]
[White "Andressen, Kay"]
[Black "Ospina Ocampo, Antonio"]
[Result "1/2-1/2"]
[WhiteElo "1381"]
[BlackElo "934"]
[PlyCount "78"]
[EventDate "2011.12.27"]
[EventType "team-swiss"]
[EventRounds "7"]
[EventCountry "GER"]
[SourceTitle "EXT 2022"]
[Source "ChessBase"]
[SourceDate "2021.10.06"]
[SourceVersion "1"]
[SourceVersionDate "2021.10.06"]
[SourceQuality "1"]
[WhiteTeam "Kiel Doppelbauer U14"]
[BlackTeam "Karlsruhe 1853 U14"]
[WhiteTeamCountry "GER"]
[BlackTeamCountry "GER"]

1. e4 e5 2. Nf3 Nc6 3. Bc4 Nf6 4. Ng5 d5 5. exd5 Na5 6. Bb5+ c6 7. dxc6 Nxc6 8. 0-0 Bd6 9. d3 Bd7 10. Nc3 0-0 11. Nf3 h6 12. Ne4 Bc7 13. Re1 Re8 14. h3 a6 15. Bc4 Na5 16. Bb3 Nxb3 17. axb3 Bc6 18. Bd2 Nxe4 19. dxe4 Qf6 20. Ba5 b6 21. Bd2 Bb7 22. c4 Rad8 23. Qc2 Re6 24. Be3 Qg6 25. Nd2 Rc6 26. f3 a5 27. g4 Bd6 28. Kg2 Bb4 29. Red1 Rcd6 30. Nf1 Rxd1 31. Rxd1 Rd6 32. Ng3 Bc8 33. Nf5 Bxf5 34. exf5 Qf6 35. Rxd6 Qxd6 36. Qe4 Bc5 37. Bxc5 Qxc5 38. f4 exf4 39. Qxf4 f6 1/2-1/2

[Event "GER-chT U14"]
[Site "Lingen"]
[Date "2011.12.29"]
[Round "5.3"]
[White "Gressmann, Hanna"]
[Black "Andressen, Kay"]
[Result "1-0"]
[WhiteElo "1327"]
[BlackElo "1381"]
[PlyCount "99"]
[EventDate "2011.12.27"]
[EventType "team-swiss"]
[EventRounds "7"]
[EventCountry "GER"]
[SourceTitle "EXT 2022"]
[Source "ChessBase"]
[SourceDate "2021.10.06"]
[SourceVersion "1"]
[SourceVersionDate "2021.10.06"]
[SourceQuality "1"]
[WhiteTeam "Weissensee Chemie"]
[BlackTeam "Kiel Doppelbauer U14"]
[WhiteTeamCountry "GER"]
[BlackTeamCountry "GER"]

1. e4 e5 2. Nf3 Nc6 3. Bc4 Nf6 4. d3 Bc5 5. c3 d6 6. 0-0 Bg4 7. Nbd2 0-0 8. Re1 a6 9. b4 Ba7 10. Qc2 Qe7 11. Bb2 Rad8 12. a3 Be6 13. d4 Bxc4 14. Nxc4 b5 15. Ncd2 Qd7 16. Rad1 Rfe8 17. Nf1 Qg4 18. Ng3 Ne7 19. dxe5 dxe5 20. Rxd8 Rxd8 21. Nxe5 Qf4 22. Nf3 Ng4 23. Re2 Ng6 24. Bc1 Qf6 25. Bg5 Qd6 26. Bxd8 Qxd8 27. Rd2 Qf6 28. Qd3 Qb6 29. Qe2 h6 30. Nd4 N4e5 31. Nc2 Nc4 32. Rd1 Nf4 33. Qf3 Ne6 34. h4 Ne5 35. Qe3 Qb7 36. Nd4 Nc4 37. Qc1 Nf8 38. Ndf5 Ne6 39. Nd4 Nf8 40. Nb3 Ng6 41. Rd5 Nxh4 42. Qf4 Ng6 43. Rd8+ Nf8 44. Nf5 c6 45. Nxh6+ gxh6 46. Qg4+ Kh7 47. Rxf8 h5 48. Qxh5+ Kg7 49. Qh8+ Kg6 50. Rg8# 1-0

[Event "GER-chT U14"]
[Site "Lingen"]
[Date "2011.12.27"]
[Round "1.3"]
[White "Sander, Jean Louis"]
[Black "Andressen, Kay"]
[Result "1-0"]
[WhiteElo "1816"]
[BlackElo "1381"]
[PlyCount "129"]
[EventDate "2011.12.27"]
[EventType "team-swiss"]
[EventRounds "7"]
[EventCountry "GER"]
[SourceTitle "EXT 2022"]
[Source "ChessBase"]
[SourceDate "2021.10.06"]
[SourceVersion "1"]
[SourceVersionDate "2021.10.06"]
[SourceQuality "1"]
[WhiteTeam "Hamburger SK U14"]
[BlackTeam "Kiel Doppelbauer U14"]
[WhiteTeamCountry "GER"]
[BlackTeamCountry "GER"]

1. e4 e5 2. Nf3 Nc6 3. d4 exd4 4. Nxd4 Bc5 5. Be3 Qf6 6. c3 Nge7 7. g3 d5 8. Bg2 dxe4 9. Bxe4 Bxd4 10. cxd4 Bh3 11. Nc3 Rd8 12. d5 Ne5 13. f4 Ng4 14. Bd4 Qh6 15. Qe2 0-0 16. 0-0-0 f5 17. Bf3 Rfe8 18. Qc4 Kh8 19. Qxc7 Nf6 20. Rhe1 Rd7 21. Qa5 b6 22. Qb5 Red8 23. Bh1 Bg4 24. Rd2 Qg6 25. Be5 a6 26. Qxa6 Nexd5 27. Bxd5 Nxd5 28. Rxd5 Rxd5 29. Nxd5 Qc6+ 30. Nc3 Ra8 31. Qb5 Qxb5 32. Nxb5 Rxa2 33. Bc7 h6 34. Bxb6 g5 35. Nc3 Ra8 36. b4 Rc8 37. Kb2 gxf4 38. gxf4 Rc4 39. Nd5 Bf3 40. Re8+ Kh7 41. Re7+ Kg6 42. Re6+ Kf7 43. Nc7 Rxb4+ 44. Kc3 Rxf4 45. Rxh6 Be4 46. Nb5 Rf3+ 47. Kd4 Rd3+ 48. Kc4 Rd1 49. Nc3 Rc1 50. Be3 Rc2 51. Ra6 Rxh2 52. Nxe4 fxe4 53. Kd4 Rh4 54. Ke5 Rg4 55. Kf5 Rh4 56. Ra7+ Kf8 57. Bf4 e3 58. Bxe3 Rh1 59. Bc5+ Ke8 60. Bd6 Rh5+ 61. Ke6 Rh6+ 62. Kd5 Rh5+ 63. Be5 Rh1 64. Ke6 Rh6+ 65. Bf6 1-0